[Event "Hradec Kralove Open 2021 - A FIDE Open"]
[Site "Cernigov hotel, Hradec Kralove"]
[Date "2021.11.06"]
[Round "1"]
[Board "1"]
[White "Nemec, Otakar"]
[Black "Plischki, Sebastian"]
[Result "0-1"]
[WhiteElo "1837"]
[BlackElo "2368"]
[PlyCount "80"]
[EventDate "2021.11.06"]
[EventRounds "9"]
[EventCountry "CZE"]

1. e4 c5 2. c3 d5 3. exd5 Qxd5 4. d4 g6 5. Nf3 Bg7 6. Be2 cxd4 7. cxd4 Nf6 8.
O-O O-O 9. Nc3 Qd8 10. Be3 Be6 11. Ne5 Nd5 12. Qd2 Nd7 13. Nf3 Nxc3 14. bxc3
Nb6 15. Ne5 Bxe5 16. dxe5 Qxd2 17. Bxd2 Bc4 18. Rfe1 Bxe2 19. Rxe2 Rfd8 20. f4
Rac8 21. Rb1 Rd3 22. g3 Nc4 23. Be1 b6 24. Rb4 Kf8 25. Kf2 f5 26. Rb3 Kf7 27.
Rb4 Ke6 28. Rb3 h6 29. Rb4 g5 30. Rc2 Ne3 31. Rc1 Nd5 32. Ra4 gxf4 33. gxf4 a5
34. c4 Nxf4 35. c5 Nd5 36. cxb6 Nxb6 37. Rxa5 Nd5 38. Kg1 Kxe5 39. Bg3+ f4 40.
Re1+ Kf5  0-1

[Event "Hradec Kralove Open 2021 - A FIDE Open"]
[Site "Cernigov hotel, Hradec Kralove"]
[Date "2021.11.06"]
[Round "1"]
[Board "2"]
[White "Maryasin, Boris"]
[Black "Sharon, Rafael"]
[Result "1/2-1/2"]
[WhiteElo "2286"]
[BlackElo "1810"]
[PlyCount "77"]
[EventDate "2021.11.06"]
[EventRounds "9"]
[EventCountry "CZE"]

1. e4 c5 2. Nf3 e6 3. d4 cxd4 4. Nxd4 a6 5. Bd3 Nf6 6. O-O Qc7 7. Nc3 d6 8. f4
Nbd7 9. Nf3 Be7 10. Qe1 O-O 11. e5 Nd5 12. Nxd5 exd5 13. Bd2 Nc5 14. Bc3 Nxd3
15. cxd3 Bf5 16. Qg3 dxe5 17. Bxe5 Qb6+ 18. Bd4 Qg6 19. Qxg6 Bxg6 20. Ne5 Bf6
21. f5 Bh5 22. Rae1 Rfe8 23. Kf2 Rac8 24. Nf3 Bxf3 25. Bxf6 Bxg2 26. Rxe8+ Rxe8
27. Rg1 gxf6 28. Rxg2+ Kf8 29. Rg4 Rc8 30. Ke3 Ke7 31. Rb4 b5 32. a4 Rc5 33.
axb5 Rxb5 34. Rxb5 axb5 35. d4 b4 36. Kd3 Kd6 37. b3 Ke7 38. Ke3 Kf8 39. Kf4
 1/2-1/2

[Event "Hradec Kralove Open 2021 - A FIDE Open"]
[Site "Cernigov hotel, Hradec Kralove"]
[Date "2021.11.06"]
[Round "1"]
[Board "3"]
[White "Spanton, Tim R"]
[Black "Jirasek, Pavel"]
[Result "0-1"]
[WhiteElo "1804"]
[BlackElo "2271"]
[PlyCount "108"]
[EventDate "2021.11.06"]
[EventRounds "9"]
[EventCountry "CZE"]

1. e4 c5 2. Nf3 Nc6 3. Bb5 e6 4. Bxc6 bxc6 5. d3 Ne7 6. Qe2 Qc7 7. e5 f6 8. Bf4
Ng6 9. Bg3 fxe5 10. Nxe5 Nxe5 11. Qh5+ g6 12. Qxe5 Qxe5+ 13. Bxe5 Rg8 14. Nd2
d6 15. Bc3 Be7 16. Ne4 e5 17. Bd2 Bf5 18. O-O g5 19. b3 Kd7 20. Rad1 Raf8 21.
Be3 h5 22. Ng3 Bg6 23. Ne4 Bh7 24. f3 Rf7 25. a3 a5 26. a4 Kc7 27. Bd2 Kb6 28.
Be3 d5 29. Nf2 Bf5 30. Rde1 Bd6 31. Bd2 Bd7 32. Bc3 Re7 33. Re2 g4 34. fxg4
hxg4 35. Nh1 c4 36. d4 cxb3 37. Rb1 e4 38. cxb3 Rh8 39. g3 Ka6 40. Reb2 Rf8 41.
Rf1 Rf3 42. Rxf3 gxf3 43. Kf2 Bf5 44. Bd2 c5 45. Be3 cxd4 46. Bxd4 Ba3 47. Ra2
Bc1 48. h4 e3+ 49. Kxf3 Be4+ 50. Ke2 Bf5 51. Kf3 Re4 52. Bc3 Bg4+ 53. Kg2 d4
54. Be1 d3  0-1

[Event "Hradec Kralove Open 2021 - A FIDE Open"]
[Site "Cernigov hotel, Hradec Kralove"]
[Date "2021.11.06"]
[Round "1"]
[Board "4"]
[White "Pein, Jonathan"]
[Black "Svetly, Jiri"]
[Result "1-0"]
[WhiteElo "2218"]
[BlackElo "1803"]
[PlyCount "51"]
[EventDate "2021.11.06"]
[EventRounds "9"]
[EventCountry "CZE"]

1. e4 d6 2. g3 c5 3. Bg2 Nc6 4. Ne2 g6 5. c3 e5 6. d4 Bg7 7. d5 Nce7 8. a4 f5
9. f3 Nf6 10. O-O O-O 11. Na3 a6 12. Nc4 b6 13. h3 Qc7 14. Qb3 Rb8 15. Nxe5
Nxe4 16. Nc6 c4 17. Qxc4 b5 18. Qa2 Nf6 19. Nxb8 Qxb8 20. Nf4 Bb7 21. axb5 axb5
22. Re1 Rf7 23. Qa7 Qxa7+ 24. Rxa7 Nexd5 25. Rd1 h6 26. Nxg6  1-0

[Event "Hradec Kralove Open 2021 - A FIDE Open"]
[Site "Cernigov hotel, Hradec Kralove"]
[Date "2021.11.06"]
[Round "1"]
[Board "5"]
[White "Marsina, Stefan"]
[Black "Thuesen, Mogens"]
[Result "0-1"]
[WhiteElo "1791"]
[BlackElo "2188"]
[PlyCount "42"]
[EventDate "2021.11.06"]
[EventRounds "9"]
[EventCountry "CZE"]

1. d4 d5 2. Bf4 Nf6 3. Nd2 e6 4. e3 Bd6 5. Bg3 O-O 6. Ngf3 c5 7. c3 Qc7 8. Bd3
Nbd7 9. e4 cxd4 10. Bxd6 Qxd6 11. cxd4 dxe4 12. Nxe4 Nxe4 13. Bxe4 Nf6 14. Bd3
b6 15. O-O Bb7 16. Rc1 Bxf3 17. Qxf3 Qxd4 18. Rc4 Qxb2 19. Rfc1 Rad8 20. h3
Qxa2 21. Rh4 Qd5  0-1

[Event "Hradec Kralove Open 2021 - A FIDE Open"]
[Site "Cernigov hotel, Hradec Kralove"]
[Date "2021.11.06"]
[Round "1"]
[Board "6"]
[White "Dambrauskas, Virginijus"]
[Black "Tsapanidis, Vasilis"]
[Result "1-0"]
[WhiteElo "2186"]
[BlackElo "1785"]
[PlyCount "98"]
[EventDate "2021.11.06"]
[EventRounds "9"]
[EventCountry "CZE"]

1. d4 d5 2. c4 c6 3. Nc3 Nf6 4. Nf3 Nbd7 5. cxd5 cxd5 6. Bf4 a6 7. Rc1 Nb6 8.
Nb1 Nc4 9. e3 Nd6 10. Bd3 e6 11. Qc2 Be7 12. Be5 h6 13. Nc3 Bd7 14. O-O O-O 15.
Qe2 Rc8 16. Nd2 Bc6 17. Bxd6 Bxd6 18. f4 g6 19. Nf3 Ne4 20. Ne5 Kg7 21. Bxe4
Bxe5 22. fxe5 dxe4 23. Qg4 h5 24. Qf4 Qd7 25. Rf2 b5 26. Qf6+ Kg8 27. Ne2 Bd5
28. Re1 Rc2 29. Nf4 Rxf2 30. Kxf2 Bxa2 31. Ra1 Bc4 32. Rxa6 Qd8 33. Qxd8 Rxd8
34. Rb6 Ra8 35. b3 Ra2+ 36. Kg3 Bf1 37. Kh4 Bxg2 38. Rxb5 Bf1 39. Rb8+ Kg7 40.
Kg5 Rxh2 41. Rb7 Kf8 42. Kf6 Ke8 43. Rxf7 Bh3 44. Re7+ Kd8 45. Nxe6+ Bxe6 46.
Kxe6 Ra2 47. d5 Ra6+ 48. d6 h4 49. Rh7 Kc8  1-0

[Event "Hradec Kralove Open 2021 - A FIDE Open"]
[Site "Cernigov hotel, Hradec Kralove"]
[Date "2021.11.06"]
[Round "1"]
[Board "7"]
[White "Smietanska, Wiktoria"]
[Black "Lifshits, Felix"]
[Result "1-0"]
[WhiteElo "1777"]
[BlackElo "2185"]
[PlyCount "52"]
[EventDate "2021.11.06"]
[EventRounds "9"]
[EventCountry "CZE"]

1. c4 {[%emt 0:00:00]} c6 {[%emt 0:00:00]} 2. Nf3 {[%emt 0:00:08]} d5 {[%emt 0:
00:07]} 3. e3 {[%emt 0:00:11]} Nf6 {[%emt 0:00:00]} 4. b3 e6 5. Bb2 Be7 6. Be2
O-O 7. Nc3 Nbd7 8. d4 b6 9. O-O Bb7 10. Bd3 c5 11. cxd5 exd5 12. Rc1 Ne4 13.
Bb1 Rc8 14. Ne2 Bf6 15. Nf4 g6 16. Qe2 cxd4 17. Bxd4 Qe7 18. Qb2 Bxd4 19. Nxd4
Ng5 20. Rfd1 Ne6 21. Nde2 Nxf4 22. Nxf4 Nf6 23. Bd3 Rfd8 24. Be2 Rxc1 25. Rxc1
Ne4 26. Bf3 Qe5  1-0

[Event "Hradec Kralove Open 2021 - A FIDE Open"]
[Site "Cernigov hotel, Hradec Kralove"]
[Date "2021.11.06"]
[Round "1"]
[Board "8"]
[White "Michalek, Michal"]
[Black "Pokora, Lubomir"]
[Result "1-0"]
[WhiteElo "2161"]
[BlackElo "1758"]
[PlyCount "85"]
[EventDate "2021.11.06"]
[EventRounds "9"]
[EventCountry "CZE"]

1. Nf3 d6 2. d4 Bg4 3. g3 Nd7 4. Bg2 c6 5. c4 Ngf6 6. Nc3 e5 7. O-O Be7 8. h3
Bh5 9. b3 Qc7 10. Be3 h6 11. Rc1 Bg6 12. Qd2 Ne4 13. Nxe4 Bxe4 14. Rfd1 Nf6 15.
Qc3 exd4 16. Nxd4 Bg6 17. Bf4 Nh5 18. Bd2 O-O 19. e4 Nf6 20. Re1 Nd7 21. Kh2
Bf6 22. Qe3 Rfe8 23. Bc3 a6 24. Qd2 Nc5 25. Nf5 Bxc3 26. Qxc3 Bxf5 27. exf5 Nd7
28. Rcd1 Nf6 29. Bf3 Rxe1 30. Rxe1 Qd7 31. Qd3 Rd8 32. Rd1 Qe7 33. Qe3 Kf8 34.
Kg2 Rd7 35. Qa7 Qd8 36. Qe3 Qa5 37. Qa7 Qxf5 38. Qb8+ Ne8 39. Re1 Re7 40. Rxe7
Kxe7 41. Qxb7+ Kf6 42. Qxc6 Qa5 43. Qxe8  1-0

[Event "Hradec Kralove Open 2021 - A FIDE Open"]
[Site "Cernigov hotel, Hradec Kralove"]
[Date "2021.11.06"]
[Round "1"]
[Board "9"]
[White "Portych, Vaclav"]
[Black "Winter, Ondrej"]
[Result "0-1"]
[WhiteElo "1755"]
[BlackElo "2074"]
[PlyCount "34"]
[EventDate "2021.11.06"]
[EventRounds "9"]
[EventCountry "CZE"]

1. c4 {[%emt 0:00:00]} c5 2. Nf3 Nc6 3. Nc3 g6 4. g3 Bg7 5. Bg2 e5 6. O-O d6 7.
b3 Nge7 8. Bb2 O-O 9. e3 h6 10. d4 exd4 11. exd4 Nxd4 12. Nxd4 Bxd4 13. Qd2 Kh7
14. Ne4 f5 15. Bxd4 cxd4 16. Qxd4 fxe4 17. Bxe4 Nc6  0-1

[Event "Hradec Kralove Open 2021 - A FIDE Open"]
[Site "Cernigov hotel, Hradec Kralove"]
[Date "2021.11.06"]
[Round "1"]
[Board "10"]
[White "Valenta, Vit Vaclav"]
[Black "Barabas, Ales"]
[Result "1-0"]
[WhiteElo "2042"]
[BlackElo "1745"]
[PlyCount "115"]
[EventDate "2021.11.06"]
[EventRounds "9"]
[EventCountry "CZE"]

1. b4 e6 2. Bb2 d5 3. Nf3 Nf6 4. a3 Nbd7 5. d3 c5 6. c3 Be7 7. Nbd2 O-O 8. g3
b6 9. Bg2 Bb7 10. O-O Qc7 11. b5 Ne5 12. Nxe5 Qxe5 13. Re1 Rfd8 14. Qc2 Qc7 15.
c4 Nd7 16. e4 Bf6 17. Bxf6 Nxf6 18. cxd5 exd5 19. e5 Nd7 20. d4 Nf8 21. f4 Ne6
22. Nf3 Qd7 23. Qb2 g6 24. Bh3 Qe7 25. Bxe6 fxe6 26. Rec1 c4 27. Ne1 a5 28. a4
Rdc8 29. Rc3 Rc7 30. Ng2 Kg7 31. Ne3 h5 32. Ng2 Rf8 33. Qe2 Qb4 34. Qc2 Qe7 35.
Rf1 Bc8 36. Nh4 Qf7 37. Rff3 Bd7 38. Qg2 Be8 39. Rfe3 Qe7 40. Nf3 Qb4 41. Qc2
Bd7 42. Ng5 Qe7 43. Qe2 Qb4 44. Qd1 Qe7 45. Nh3 Rcc8 46. g4 Qh4 47. Rg3 hxg4
48. Rxg4 Qh6 49. Ng5 Rf5 50. Kg2 Rh8 51. Rh3 Rxg5 52. Rxh6 Rxg4+ 53. Qxg4 Rxh6
54. Qg5 Be8 55. Qf6+ Kg8 56. Qxe6+ Bf7 57. Qc8+ Kg7 58. e6  1-0

[Event "Hradec Kralove Open 2021 - A FIDE Open"]
[Site "Cernigov hotel, Hradec Kralove"]
[Date "2021.11.06"]
[Round "1"]
[Board "11"]
[White "Bruna, Matous"]
[Black "Bergerhoff, Andreas"]
[Result "1/2-1/2"]
[WhiteElo "1692"]
[BlackElo "2039"]
[PlyCount "71"]
[EventDate "2021.11.06"]
[EventRounds "9"]
[EventCountry "CZE"]

1. e4 d6 2. d4 Nf6 3. Nc3 Nbd7 4. Be3 e5 5. h3 c6 6. Nf3 Be7 7. a4 Qc7 8. dxe5
dxe5 9. Bc4 O-O 10. O-O Nc5 11. Nd2 Rd8 12. Qe2 Ne6 13. Bxe6 Bxe6 14. Rfd1 a5
15. Nc4 Nd7 16. b3 Nc5 17. Rxd8+ Rxd8 18. Rd1 Rxd1+ 19. Qxd1 Bxc4 20. Bxc5 Bxc5
21. bxc4 Qd6 22. Qxd6 Bxd6 23. Nd1 Bc5 24. Nb2 Kf8 25. Nd3 Bd4 26. Kf1 Ke7 27.
c5 f5 28. f3 f4 29. g4 fxg3 30. Kg2 Bf2 31. Nxf2 gxf2 32. Kxf2 g5 33. Kg3 Kf6
34. Kg2 Kg6 35. Kh2 Kh5 36. Kg3  1/2-1/2

[Event "Hradec Kralove Open 2021 - A FIDE Open"]
[Site "Cernigov hotel, Hradec Kralove"]
[Date "2021.11.06"]
[Round "1"]
[Board "12"]
[White "Malinovsky, Petr"]
[Black "Navratilova, Alena"]
[Result "1/2-1/2"]
[WhiteElo "2030"]
[BlackElo "1660"]
[PlyCount "56"]
[EventDate "2021.11.06"]
[EventRounds "9"]
[EventCountry "CZE"]

1. d4 Nf6 2. c4 d5 3. Nc3 e6 4. cxd5 exd5 5. Bg5 Be7 6. e3 O-O 7. Bd3 Be6 8.
Nge2 Nbd7 9. O-O c6 10. Qc2 Re8 11. f3 g6 12. Rad1 Nh5 13. Bxe7 Qxe7 14. e4
dxe4 15. fxe4 Ndf6 16. h3 Ng7 17. a3 h5 18. Rf2 Nh7 19. Rdf1 Rf8 20. e5 Rad8
21. Qc1 Qg5 22. Qxg5 Nxg5 23. h4 Nh7 24. Rf4 Bg4 25. Bc4 Be6 26. Bd3 Bg4 27.
Bc4 Be6 28. Bd3 Bg4  1/2-1/2

[Event "Hradec Kralove Open 2021 - A FIDE Open"]
[Site "Cernigov hotel, Hradec Kralove"]
[Date "2021.11.06"]
[Round "1"]
[Board "19"]
[White "Zelbova, Lada"]
[Black "Mazatis, Benjamin"]
[Result "1/2-1/2"]
[WhiteElo "1956"]
[BlackElo "1562"]
[PlyCount "60"]
[EventDate "2021.11.06"]
[EventRounds "9"]
[EventCountry "CZE"]

1. e4 c6 2. Nf3 d5 3. Nc3 Bg4 4. h3 Bxf3 5. Qxf3 e6 6. d4 Bb4 7. a3 Qa5 8. exd5
Bxc3+ 9. bxc3 cxd5 10. Bd2 Qc7 11. Qg4 Kf8 12. Bd3 Nf6 13. Qh4 Nc6 14. c4 dxc4
15. Bxc4 Rd8 16. Bh6 Ne8 17. Be3 Ne7 18. Bd3 Nf6 19. O-O Nfd5 20. c4 Nxe3 21.
fxe3 Ng8 22. Rf4 h6 23. Qf2 Rd7 24. Rf1 Nf6 25. Be2 h5 26. Qh4 Rh6 27. Bd3 e5
28. Rf5 exd4 29. exd4 Qd8 30. R5f4 b6  1/2-1/2

[Event "Hradec Kralove Open 2021 - A FIDE Open"]
[Site "Cernigov hotel, Hradec Kralove"]
[Date "2021.11.06"]
[Round "1"]
[Board "22"]
[White "Svec, Ludek"]
[Black "Szkoludek, Sebastian"]
[Result "1-0"]
[WhiteElo "1514"]
[BlackElo "1916"]
[PlyCount "95"]
[EventDate "2021.11.06"]
[EventRounds "9"]
[EventCountry "CZE"]

1. d4 Nf6 2. Nf3 c5 3. g3 b6 4. Bg2 Bb7 5. O-O g6 6. c3 Bg7 7. Nbd2 O-O 8. Re1
cxd4 9. cxd4 d5 10. b3 Nc6 11. Bb2 Rc8 12. Rc1 Qd6 13. Nb1 Ne4 14. Ba3 Qd7 15.
Qd3 Nb8 16. Bf1 Bh6 17. Ne5 Qe6 18. f4 g5 19. e3 f6 20. Nf3 Ba6 21. Qd1 Bxf1
22. Kxf1 Kh8 23. Qe2 Rg8 24. Rxc8 Rxc8 25. Rc1 Rxc1+ 26. Bxc1 g4 27. Ne1 f5 28.
Nd3 Bg7 29. Ba3 Kg8 30. Qc2 Qd7 31. Kg2 Kf7 32. Nd2 Nc6 33. Nxe4 dxe4 34. Ne5+
Bxe5 35. fxe5 Nd8 36. Qc4+ e6 37. Qb4 Qe8 38. Qd6 Nc6 39. Qc7+ Kg6 40. Bd6 b5
41. Qb7 Nd8 42. Qxa7 Nf7 43. Qe7 Qxe7 44. Bxe7 Kg7 45. a4 bxa4 46. bxa4 Nh6 47.
a5 Ng8 48. Bd6  1-0

[Event "Hradec Kralove Open 2021 - A FIDE Open"]
[Site "Cernigov hotel, Hradec Kralove"]
[Date "2021.11.07"]
[Round "2"]
[Board "1"]
[White "Plischki, Sebastian"]
[Black "Navratil, Jiri"]
[Result "1-0"]
[WhiteElo "2368"]
[BlackElo "1938"]
[PlyCount "55"]
[EventDate "2021.11.06"]
[EventRounds "9"]
[EventCountry "CZE"]

1. Nf3 d5 2. g3 Nf6 3. Bg2 c6 4. c4 e6 5. O-O Ne4 6. d3 Nc5 7. b4 Ncd7 8. Bb2
Bxb4 9. Bxg7 Rg8 10. Bb2 h5 11. Nbd2 Be7 12. e4 dxc4 13. Nxc4 h4 14. d4 Nf6 15.
Nxh4 Nxe4 16. Bxe4 Bxh4 17. Qh5 Bf6 18. Rad1 Rh8 19. Qe2 Nd7 20. d5 cxd5 21.
Bxd5 Qe7 22. Ba3 Nc5 23. Bg2 Qc7 24. Nd6+ Kf8 25. Ne4 Be7 26. Nxc5 Bxc5 27.
Bxc5+ Qxc5 28. Rd8+  1-0

[Event "Hradec Kralove Open 2021 - A FIDE Open"]
[Site "Cernigov hotel, Hradec Kralove"]
[Date "2021.11.07"]
[Round "2"]
[Board "2"]
[White "Jirasek, Pavel"]
[Black "Kulhanek, Jachym"]
[Result "1-0"]
[WhiteElo "2271"]
[BlackElo "1913"]
[PlyCount "63"]
[EventDate "2021.11.06"]
[EventRounds "9"]
[EventCountry "CZE"]

1. c4 {[%emt 0:00:00]} g6 2. g3 Bg7 3. Bg2 e5 4. Nc3 Nc6 5. e3 f5 6. Nge2 Nf6
7. O-O O-O 8. d3 d6 9. Rb1 a5 10. a3 Be6 11. Nd5 Rb8 12. Bd2 Nd7 13. Bc3 g5 14.
Kh1 h5 15. f4 exf4 16. exf4 g4 17. Qe1 Bf7 18. Bxg7 Kxg7 19. Qc3+ Kg6 20. Rfe1
h4 21. Kg1 Re8 22. Kf2 h3 23. Bh1 b6 24. Ne3 Ne7 25. Nd4 Nf6 26. Re2 c5 27. Nc6
Nxc6 28. Bxc6 Re7 29. Rbe1 d5 30. cxd5 Nxd5 31. Bxd5 Bxd5 32. Nxf5  1-0

[Event "Hradec Kralove Open 2021 - A FIDE Open"]
[Site "Cernigov hotel, Hradec Kralove"]
[Date "2021.11.07"]
[Round "2"]
[Board "3"]
[White "Tesar, Jan"]
[Black "Pein, Jonathan"]
[Result "1/2-1/2"]
[WhiteElo "1966"]
[BlackElo "2218"]
[PlyCount "84"]
[EventDate "2021.11.06"]
[EventRounds "9"]
[EventCountry "CZE"]

1. d4 Nf6 2. Bg5 b6 3. Bxf6 exf6 4. Nf3 Bb7 5. e3 g6 6. Bd3 Bg7 7. Nbd2 d5 8.
c3 O-O 9. h4 h5 10. Qc2 c5 11. O-O-O Nc6 12. a3 c4 13. Be2 Re8 14. Nh2 f5 15.
Bxh5 gxh5 16. Qxf5 Qd6 17. Qxh5 b5 18. Ng4 Bc8 19. Rh3 Ne7 20. Rg3 Nf5 21. Rf3
Qg6 22. Qxg6 fxg6 23. Rf4 Nxh4 24. Nf6+ Bxf6 25. Rxf6 Re6 26. Rf4 g5 27. Rg4
Rg6 28. Rg3 Nf5 29. Rh3 Nxd4 30. cxd4 Bxh3 31. gxh3 Rf8 32. f3 Kg7 33. Rg1 Kf6
34. e4 Rd8 35. Kc2 dxe4 36. Nxe4+ Kf5 37. Kc3 Re8 38. Rg4 Rh8 39. Ng3+ Ke6 40.
Ne4 Kf5 41. Ng3+ Ke6 42. Ne4 Kf5  1/2-1/2

[Event "Hradec Kralove Open 2021 - A FIDE Open"]
[Site "Cernigov hotel, Hradec Kralove"]
[Date "2021.11.07"]
[Round "2"]
[Board "4"]
[White "Thuesen, Mogens"]
[Black "Stary, Lukas"]
[Result "1-0"]
[WhiteElo "2188"]
[BlackElo "1887"]
[PlyCount "55"]
[EventDate "2021.11.06"]
[EventRounds "9"]
[EventCountry "CZE"]

1. d4 d5 2. c4 c6 3. Nc3 Nf6 4. Nf3 dxc4 5. a4 Bf5 6. Ne5 Nbd7 7. Nxc4 Nb6 8.
Ne5 a5 9. f3 h6 10. e4 Bh7 11. Be3 e6 12. Be2 Bb4 13. O-O O-O 14. Qb3 Nfd7 15.
Nxd7 Nxd7 16. Na2 c5 17. Nxb4 cxb4 18. Rac1 Nf6 19. Rc5 Qd7 20. Bb5 Qe7 21.
Rfc1 Rab8 22. Bf4 b6 23. Rc7 Qd8 24. Be5 Nxe4 25. fxe4 Bxe4 26. Qg3 Qg5 27.
Qxg5 hxg5 28. Bd7  1-0

[Event "Hradec Kralove Open 2021 - A FIDE Open"]
[Site "Cernigov hotel, Hradec Kralove"]
[Date "2021.11.07"]
[Round "2"]
[Board "5"]
[White "Marinc, Damir"]
[Black "Dambrauskas, Virginijus"]
[Result "0-1"]
[WhiteElo "1906"]
[BlackElo "2186"]
[PlyCount "168"]
[EventDate "2021.11.06"]
[EventRounds "9"]
[EventCountry "CZE"]

1. d4 Nf6 2. Nf3 d5 3. e3 c5 4. Nbd2 cxd4 5. exd4 e6 6. Bd3 Be7 7. O-O O-O 8.
c3 b6 9. Qe2 a5 10. Ne5 Qc7 11. f4 Ba6 12. Bxa6 Rxa6 13. Rf3 Ra7 14. Rh3 Nc6
15. g4 g6 16. g5 Nh5 17. Qg4 Nd8 18. Nf1 f5 19. Qh4 Bd6 20. Ng3 Nxg3 21. Qxg3
b5 22. Bd2 Qg7 23. Re1 Re8 24. Qd3 Rb7 25. Rhe3 Qc7 26. R3e2 Qc8 27. h4 Bxe5
28. Rxe5 Nf7 29. R5e2 Nd6 30. Rh2 Ne4 31. Re3 Qc4 32. Qxc4 dxc4 33. Be1 Rg7 34.
Kf1 Kf7 35. a3 Ke7 36. Reh3 Kf7 37. Re3 Rd8 38. Reh3 Rh8 39. h5 h6 40. hxg6+
Rxg6 41. Ke2 Rh7 42. Ke3 Rh8 43. Rxh6 Rgxh6 44. Rxh6 Rxh6 45. gxh6 Nf6 46. Bh4
{[%emt 0:00:10]} Ng4+ 47. Kf3 Nxh6 48. Bd8 a4 49. Bh4 Ng4 50. Bd8 Ke8 51. Bh4
Kd7 52. Be1 Nf6 53. Bh4 Ne4 54. Ke3 Kc6 55. Be1 Kb6 56. Bh4 Nd6 57. Be1 Nb7 58.
Bh4 Na5 59. Be7 Nb3 60. Bf8 Nc1 61. Be7 Nb3 62. Bf8 Nc1 63. Bb4 Kc6 64. Ba5 Nd3
65. Kf3 Ne1+ 66. Ke2 Ng2 67. Kf3 Nh4+ 68. Kf2 Ng6 69. Ke3 Ne7 70. Ke2 Nd5 71.
Kf3 Kd7 72. Kg3 Ke7 73. Kf3 Kf7 74. Kg3 Kg6 75. Kf3 Kh5 76. Kg3 Ne3 77. Bc7 Nd1
78. Ba5 Ne3 79. Bd8 Nc2 80. Be7 b4 81. cxb4 Nxa3 82. Kf3 Nb5 83. Bf6 c3 84. Ke2
Kg4  0-1

[Event "Hradec Kralove Open 2021 - A FIDE Open"]
[Site "Cernigov hotel, Hradec Kralove"]
[Date "2021.11.07"]
[Round "2"]
[Board "6"]
[White "Zelba, Lukas"]
[Black "Michalek, Michal"]
[Result "0-1"]
[WhiteElo "1883"]
[BlackElo "2161"]
[PlyCount "42"]
[EventDate "2021.11.06"]
[EventRounds "9"]
[EventCountry "CZE"]

1. d4 d5 2. Bf4 c5 3. e3 Nc6 4. c3 Nf6 5. Nd2 cxd4 6. exd4 Bf5 7. Ngf3 e6 8.
Qb3 Qc8 9. Nh4 Be4 10. f3 Bg6 11. Nxg6 hxg6 12. g4 Qd7 13. Bd3 Bd6 14. Bxd6
Qxd6 15. O-O-O O-O-O 16. h4 Kb8 17. Bb5 Rc8 18. Kb1 Qg3 19. Ba6 Rc7 20. Qb5 Qd6
21. Nb3 Ka8  0-1

[Event "Hradec Kralove Open 2021 - A FIDE Open"]
[Site "Cernigov hotel, Hradec Kralove"]
[Date "2021.11.07"]
[Round "2"]
[Board "8"]
[White "Lambrecht, Tomasz"]
[Black "Valenta, Vit Vaclav"]
[Result "1/2-1/2"]
[WhiteElo "1876"]
[BlackElo "2042"]
[PlyCount "115"]
[EventDate "2021.11.06"]
[EventRounds "9"]
[EventCountry "CZE"]

1. d4 Nf6 2. c4 g6 3. Nc3 Bg7 4. e4 d6 5. Be2 O-O 6. Nf3 e5 7. Be3 Nbd7 8. O-O
a6 9. Qc2 h6 10. Rad1 Ng4 11. Bc1 Re8 12. Rfe1 c6 13. dxe5 dxe5 14. h3 Ngf6 15.
b4 Nh5 16. Bf1 Nf4 17. Ne2 Ne6 18. c5 Qc7 19. Nd2 a5 20. a3 axb4 21. axb4 b5
22. cxb6 Nxb6 23. Nb3 Ba6 24. Bb2 Nc4 25. Bc3 Na3 26. Qb2 Nb5 27. Bd2 Nbd4 28.
Nbxd4 exd4 29. Qc1 Kh7 30. Nf4 Bxf1 31. Kxf1 Qb6 32. Qc4 Qb5 33. Qxb5 cxb5 34.
Nd5 Ra2 35. Bc1 Rc8 36. Rd2 Rac2 37. Rxc2 Rxc2 38. Rd1 Rc4 39. Bd2 g5 40. Ke2
Rc2 41. Rb1 Ra2 42. Rd1 Be5 43. g3 Ra3 44. Rh1 d3+ 45. Ke3 Nd4 46. Rb1 Ne2 47.
Rd1 Bd4+ 48. Kf3 Be5 49. Be3 Nd4+ 50. Bxd4 Bxd4 51. Nc7 Ra2 52. Rf1 d2 53. Rd1
Bc3 54. Nd5 Ra3 55. Ke2 Rb3 56. Nxc3 Rxc3 57. Rxd2 Rb3 58. Rd4  1/2-1/2

[Event "Hradec Kralove Open 2021 - A FIDE Open"]
[Site "Cernigov hotel, Hradec Kralove"]
[Date "2021.11.07"]
[Round "2"]
[Board "9"]
[White "Zdechovsky, Tobias"]
[Black "Lysenko, Volodymyr"]
[Result "1/2-1/2"]
[WhiteElo "2012"]
[BlackElo "1845"]
[PlyCount "127"]
[EventDate "2021.11.06"]
[EventRounds "9"]
[EventCountry "CZE"]

1. d4 f5 2. e4 fxe4 3. Nc3 Nf6 4. Bg5 Nc6 5. d5 Ne5 6. Qe2 d6 7. O-O-O c6 8.
Bxf6 exf6 9. Qxe4 f5 10. Qe3 Be7 11. dxc6 bxc6 12. f4 Ng4 13. Qf3 d5 14. Bc4
Be6 15. Nge2 O-O 16. Nd4 Bd7 17. Bb3 Nf6 18. h3 Kh8 19. g4 Ne4 20. gxf5 Nxc3
21. Qxc3 Qc7 22. Rhf1 Bd6 23. Kb1 Bxf5 24. Nxc6 Be4 25. Bxd5 Bxd5 26. Rxd5 Rac8
27. Rfd1 Rxf4 28. Qd3 Bf8 29. Ne5 Rf2 30. Rd2 Rf4 31. b3 Re8 32. Re2 Re7 33.
Rd7 Rf1+ 34. Kb2 Qc5 35. Nc4 Rxd7 36. Qxd7 Qg5 37. Qd2 Qg1 38. Re8 Rb1+ 39. Kc3
Qc5 40. Qd6 Qxd6 41. Nxd6 Kg8 42. Nb5 a5 43. a3 Rh1 44. Re3 g5 45. Kd3 h5 46.
Ke4 Kf7 47. Kf5 Be7 48. Rf3 Rd1 49. c4 h4 50. Nc3 Rg1 51. Ne4 Ke8 52. Nf6+ Kd8
53. a4 Bxf6 54. Kxf6 Rg3 55. Rf5 Rxh3 56. Rxg5 Rxb3 57. Ke6 Kc7 58. Rxa5 Kc6
59. Rh5 h3 60. a5 Rc3 61. a6 Rxc4 62. Ra5 Re4+ 63. Kf5 Re8 64. a7  1/2-1/2

[Event "Hradec Kralove Open 2021 - A FIDE Open"]
[Site "Cernigov hotel, Hradec Kralove"]
[Date "2021.11.07"]
[Round "2"]
[Board "10"]
[White "Smietanska, Wiktoria"]
[Black "Dusbaba, Karel"]
[Result "0-1"]
[WhiteElo "1777"]
[BlackElo "2007"]
[PlyCount "88"]
[EventDate "2021.11.06"]
[EventRounds "9"]
[EventCountry "CZE"]

1. e4 e6 2. d4 d5 3. Nd2 Nf6 4. e5 Nfd7 5. f4 c5 6. c3 Qb6 7. Ndf3 Nc6 8. a3
cxd4 9. cxd4 f6 10. Bd3 Be7 11. Ne2 O-O 12. Bc2 Re8 13. Qd3 Nf8 14. O-O Bd7 15.
Kh1 Rac8 16. exf6 Bxf6 17. Ne5 Rc7 18. Rf3 Ne7 19. Nc3 Rec8 20. Rh3 Be8 21. Qe3
Bxe5 22. fxe5 Bg6 23. Bxg6 Nfxg6 24. Rf3 Rc4 25. Ne2 Nf5 26. Qf2 Nxd4 27. Be3
Nxe2 28. Bxb6 Rc1+ 29. Rxc1 Rxc1+ 30. Qf1 Rxf1+ 31. Rxf1 axb6 32. Rd1 Nef4 33.
g3 Nh3 34. Rc1 Nxe5 35. Re1 Nf2+ 36. Kg2 Ne4 37. Rc1 Nc4 38. b3 Ncd6 39. Rc7 d4
40. b4 b5 41. Kf3 d3 42. Ke3 d2 43. Ke2 Nc4 44. Rd7 Nc3+  0-1

[Event "Hradec Kralove Open 2021 - A FIDE Open"]
[Site "Cernigov hotel, Hradec Kralove"]
[Date "2021.11.07"]
[Round "2"]
[Board "15"]
[White "Sharon, Rafael"]
[Black "Malinovsky, Petr"]
[Result "1-0"]
[WhiteElo "1810"]
[BlackElo "2030"]
[PlyCount "59"]
[EventDate "2021.11.06"]
[EventRounds "9"]
[EventCountry "CZE"]

1. e4 c5 2. Nf3 g6 3. d4 cxd4 4. Qxd4 Nf6 5. Nc3 Nc6 6. Qa4 d6 7. e5 dxe5 8.
Nxe5 Qd4 9. Nxc6 Qxa4 10. Nxa4 bxc6 11. b3 e5 12. Bb2 Bb4+ 13. c3 Bd6 14. f3
Be6 15. O-O-O Ke7 16. Bd3 Rhd8 17. c4 Nd7 18. Be4 Rac8 19. c5 Nxc5 20. Rxd6
Rxd6 21. Nxc5 f5 22. Bc2 Rd5 23. b4 Rdd8 24. a3 Bd5 25. Bxe5 Kf8 26. Re1 Re8
27. Re2 Rcd8 28. f4 Bc4 29. Re3 a5 30. Nb7  1-0